01008nam0a22002411 4500001001100000005001700011021001900028035002600047100004100073101000800114102000700122105001800129200020300147210003400350215001500384300011900399606005300518700006900571701006200640801001800702801002200720852002400742rc\394995020250611033906.0 aRUb[55-18611] a(NLR Aleph) 008043860 a20130415d1955 |||y0rusy50 ca0 arus aRU ay z |||||1 aКукуруза - ценная кормовая культураfУпр. с.-х. пропаганды и науки Арзамасского обл. упр. сельского хозяйства aАрзамасcБ. и.d1955 a24 с.d20 aПеред загл. авт.: С. Шаин, д-р с.-х. наук, М. Смирнов, канд. с.-х. наук aКукурузаxВозделывание2psbo 1aШаинbС.С.f1903-1963gСоломон Самуилович 1aСмирновbМ.Н.gМихаил Николаевич 0aRUbNLRgpsbo 1aRUbELAR2rusmarc aNLRjС50 Г-4/4485